000 00763nam a22002532 4500
001 5416
003 BD-RjUL
005 20211208234049.0
008 131226t1960 enk b 001 0 eng d
035 _a(BD-RjUL)5452
040 _aVAL
_cVAL
_dEQO
_dBD-RjUL
_beng
041 _aeng
082 0 4 _216
_a347.7
_bMOS 1960
100 1 _aMontgmerie, John.
_917010
245 1 0 _aStevens' elements of mercantile law /
_cby John Montgomerie,
250 _a13th ed. /
260 _aLondon :
_bButterworth,
_c1960.
300 _alxiv, 606, 72 p. ;
_c23 cm.
504 _aIncludes bibliographical references and index.
650 0 _aCommercial law
_zGreat Britain.
_917011
700 1 _aMontgomerie, John.
_917012
740 0 1 _aElements of mercantile law.
942 _2ddc
_cBK
999 _c5416
_d5416